000
00328nam a2200133 a 4500
005
20140414132107.0
008
100902s19uu xx 00 eng d
050
_a
M 551.21
_b
R67 2010
100
_a
Rooney, Anne.
245
_a
Volcanoes.
260
_a
M, MN :
_b
NewForest Press,
_c
2010.
650
_a
Volcanoes
999
_c
114629
_d
114629